000 00975nam a2200289Ia 4500
005 20220316235619.0
008 121119s2003 ck gr 000 f spa
020 _a9583006815
041 0 _aspa
100 1 _aVerne, Julio
_d1828-1905
245 1 3 _aLa vuelta al mundo en ochenta días
_cJulio Verne; versión abreviada de Miguel Arteche ; ilustraciones de Andrés Jullian
250 _aPrimera edición
300 _a176 páginas
_bilustraciones
490 0 _aJulio Verne
650 1 4 _aNovela francesa
_2LEMB
650 1 4 _a Literatura francesa
_ySiglo XIX
_2LEMB
650 1 4 _aAventuras en la literatura
_2LEMB
700 1 _aArteche, Miguel
_etraductor
_939500
700 1 _aJullian, Andrés
_eilustrador
_939501
942 _2loc
_cBKLIT
264 _aBogotá
_bPanamericana
_c2003
336 _atexto
_btxt
_2rdacontent
337 _asin mediación
_bn
_2rdamedia
338 _avolumen
_bnc
_2rdacarrier
040 _aCO-BoRNBP
_bspa
_erda
_cCO-BoRNBP
084 _aN VER2
999 _c1544
_d1544